| 000 | 00443nam a2200169Ia 4500 | ||
|---|---|---|---|
| 008 | 180921t2016 xxu||||| |||| 00| 0 sin d | ||
| 041 | _asin | ||
| 080 |
_a133.52 _bPIT |
||
| 100 | _aPiyatissa,Galagama Hee.Ga | ||
| 245 | _aජ්යෝතිෂ අධ්යනය | ||
| 246 | _aJothisha Adyanaya | ||
| 260 |
_bGodage _aColombo _c2016 |
||
| 300 | _b127p, 21cm | ||
| 942 | _cBK | ||
| 999 |
_c4217 _d4217 |
||
| 003 | LK-CoDNM | ||
| 040 |
_aLK-CoDNM _dLK-CoDNM _eLK-CoDNM |
||